| Tag |
First Indicator |
Second Indicator |
Subfields |
| LEADER |
00000cam a2200000 a 4500 |
| 001 |
in00000070939 |
| 005 |
20151008061958.0 |
| 008 |
800325s1978 fr a b 10000 eng d |
| 035 |
|
|
|a (OCoLC)06123360
|
| 035 |
|
|
|9 AAJ9258AM
|
| 040 |
|
|
|a DXU
|c DXU
|d m.c.
|d TXA
|d UtOrBLW
|
| 049 |
|
|
|a TXAM
|c [1481665]
|
| 090 |
|
|
|a TL1530
|b .S65
|
| 111 |
2 |
|
|a International Symposium on Spacecraft Thermal and Environmental Control Systems
|d (1978 :
|c Munchen, Germany)
|
| 245 |
1 |
0 |
|a Spacecraft thermal and environmental control systems :
|b proceedings of an international symposium held in Munich, Germany, 10-12 October 1978 /
|c co-sponsored by the European Space Agency and the Technical University of Munich.
|
| 264 |
|
1 |
|a Paris, France :
|b European Space Agency,
|c 1978.
|
| 300 |
|
|
|a xv, 630 pages :
|b illustrations ;
|c 30 cm.
|
| 336 |
|
|
|a text
|b txt
|2 rdacontent
|
| 337 |
|
|
|a unmediated
|b n
|2 rdamedia
|
| 338 |
|
|
|a volume
|b nc
|2 rdacarrier
|
| 490 |
1 |
|
|a ESA SP ;
|v 139
|
| 504 |
|
|
|a Includes bibliographical references.
|
| 650 |
|
0 |
|a Life support systems (Space environment)
|
| 650 |
|
0 |
|a Space cabin atmospheres.
|
| 650 |
|
0 |
|a Space vehicles
|x Design and construction.
|
| 710 |
2 |
|
|a European Space Agency.
|
| 710 |
2 |
|
|a Technische Universität München.
|
| 830 |
|
0 |
|a ESA SP ;
|v 139.
|
| 999 |
|
|
|a MARS
|
| 999 |
f |
f |
|s 7a577561-6efd-39bb-9c18-b80547f79174
|i c4e76965-2804-393a-a801-f3022978847e
|t 0
|
| 952 |
f |
f |
|p ric
|a Texas A&M University
|b Rellis Campus
|c Joint Library Facility
|d Remote Storage
|t 0
|e TL1530 .S65
|h Library of Congress classification
|i unmediated -- volume
|m A14806254400
|
| 998 |
f |
f |
|a TL1530 .S65
|t 0
|l Remote Storage
|